Central Library OPAC University of Rajshahi

The instruction of Ptah-hotep and the instruction of Ke'gemni : (Record no. 27196)

MARC details
000 -LEADER
fixed length control field 00946cam a22002891 4500
001 - CONTROL NUMBER
control field 27196
003 - CONTROL NUMBER IDENTIFIER
rucl marc code BD-RjUL
005 - DATE AND TIME OF LATEST TRANSACTION
control field 20211209051126.0
008 - FIXED-LENGTH DATA ELEMENTS--GENERAL INFORMATION
fixed length control field 140324r19121918enk b 000 0 eng d
035 ## - SYSTEM CONTROL NUMBER
System control number (BD-RjUL)27268
System control number (NNC)3165353
040 ## - CATALOGING SOURCE
Original cataloging agency ORE
Transcribing agency ORE
Modifying agency ZCU
-- BD-RjUL
Language of cataloging eng
041 1# - LANGUAGE CODE
Language code of text/sound track or separate title eng
Language code of original egy
082 04 - DEWEY DECIMAL CLASSIFICATION NUMBER
Classification number 893.1
Author mark and year PTI 1918
099 ## - LOCAL FREE-TEXT CALL NUMBER (OCLC)
Bangla Class number 090
-- P95
100 0# - MAIN ENTRY--PERSONAL NAME
Personal name Ptahhotep.
9 (RLIN) 83475
245 14 - TITLE STATEMENT
Title The instruction of Ptah-hotep and the instruction of Ke'gemni :
Remainder of title the oldest books in the world /
Statement of responsibility, etc. tr. from the Egyptian, with an introduction and appendix, by Battiscombe Gunn.
250 ## - EDITION STATEMENT
Edition statement 2nd ed.
260 ## - PUBLICATION, DISTRIBUTION, ETC. (IMPRINT)
Place of publication, distribution, etc. London :
Name of publisher, distributor, etc. J. Murray,
Date of publication, distribution, etc. 1912 [reprinted 1918].
300 ## - PHYSICAL DESCRIPTION
Pagination 75 p. ;
Size 17 cm.
490 0# - SERIES STATEMENT
Series statement The wisdom of the East series
504 ## - BIBLIOGRAPHY, ETC. NOTE
Bibliography, etc Includes bibliography.
650 1# - SUBJECT ADDED ENTRY--TOPICAL TERM
Topical term or geographic name as entry element Maxims, Egyptian.
9 (RLIN) 83476
700 1# - ADDED ENTRY--PERSONAL NAME
Personal name Gunn, Battiscombe
830 #0 - SERIES ADDED ENTRY--UNIFORM TITLE
Uniform title Wisdom of the East series.
942 ## - ADDED ENTRY ELEMENTS (KOHA)
Source of classification or shelving scheme Dewey Decimal Classification
Koha item type Books
Holdings
Lost status Source of classification or shelving scheme Damaged status Not for loan Collection code Permanent Location Current Location Shelving location Date acquired Source of acquisition Total Checkouts Full call number Date last seen Copy number Koha item type
  Dewey Decimal Classification   Added to bundle Non-fiction Central Library, University of Rajshahi Central Library, University of Rajshahi Reading Room 25/01/1958 Spalding trat   893.1 PTI 1918 24/03/2014 C-1 Books